000 00417nam a2200193Ia 4500
008 101110s9999 xx 000 0 und d
041 _aENGLISH
082 _bSR3704
_a828
100 _aOxford Uni
245 _aThe Holy Bible
365 _b5
520 _aEnglish
546 _aENGLISH
630 _aThe Holy Bible
650 _aEnglish
655 _aEnglish
730 _aThe Holy Bible
942 _cBOOK
999 _c800159
_d800156